[Event "EU-Cup (Women) 27th"]
[Site "Durres"]
[Date "2023.10.06"]
[Round "6.2"]
[White "Muetsch, Annmarie"]
[Black "Narva, Mai"]
[Result "1/2-1/2"]
[WhiteElo "2262"]
[BlackElo "2399"]
[PlyCount "64"]
[EventDate "2023.10.01"]
[EventType "team-swiss"]
[EventRounds "7"]
[EventCountry "ALB"]
[SourceTitle "EXT 2024"]
[Source "ChessBase"]
[SourceDate "2023.10.10"]
[SourceVersion "1"]
[SourceVersionDate "2023.10.10"]
[SourceQuality "1"]
[WhiteTeam "Solingen (W)"]
[BlackTeam "Gambit Asseco See (W)"]
[WhiteTeamCountry "GER"]
[BlackTeamCountry "MKD"]

1. d4 Nf6 2. Bg5 d5 3. Nd2 Nbd7 4. Ngf3 h6 5. Bh4 e6 6. e3 Bd6 7. c4 c6 8. Be2 0-0 9. 0-0 Re8 10. Qc2 Be7 11. a3 Nh5 12. Bxe7 Qxe7 13. Ne5 Nhf6 14. f4 c5 15. Bf3 Nb6 16. cxd5 Nbxd5 17. Qxc5 Nxe3 18. Rfc1 Ned5 19. g3 Bd7 20. Ndc4 b6 21. Qxe7 Rxe7 22. Nd6 Rd8 23. Nb7 Rb8 24. Nd6 Rd8 25. Nb7 Rb8 26. Nd6 g6 27. b4 Rd8 28. Nb7 Rb8 29. Nd6 Rd8 30. Nb7 Rb8 31. Nd6 Rd8 32. Nb7 Rb8 1/2-1/2

[Event "Brasschaat op"]
[Site "Brasschaat"]
[Date "2023.08.26"]
[Round "8"]
[White "Tomov, Georgi"]
[Black "Muetsch, Annmarie"]
[Result "1/2-1/2"]
[WhiteElo "2274"]
[BlackElo "2203"]
[PlyCount "100"]
[EventDate "2023.08.18"]
[EventType "swiss"]
[EventRounds "9"]
[EventCountry "BEL"]
[SourceTitle "EXT 2024"]
[Source "ChessBase"]
[SourceDate "2023.10.10"]
[SourceVersion "1"]
[SourceVersionDate "2023.10.10"]
[SourceQuality "1"]

1. e4 c5 2. Nf3 Nc6 3. Bb5 e5 4. 0-0 Bd6 5. c3 Nf6 6. d4 cxd4 7. cxd4 Qe7 8. dxe5 Bxe5 9. Nxe5 Qxe5 10. Nc3 0-0 11. Re1 d6 12. Nd5 Ng4 13. f4 Qd4+ 14. Qxd4 Nxd4 15. Ba4 Be6 16. Nc3 Rfd8 17. Bd1 f5 18. h3 Nf6 19. Be3 Nc6 20. exf5 Bxf5 21. g4 Bg6 22. Bf3 Nb4 23. f5 Bf7 24. Re2 Nfd5 25. Bg5 Rd7 26. Nxd5 Bxd5 27. Bxd5+ Nxd5 28. Rd1 Nb6 29. Red2 Nc4 30. Rd4 Ne5 31. Kf2 Rc8 32. Bf4 Rc2+ 33. R1d2 Rxd2+ 34. Rxd2 Nc4 35. Rc2 d5 36. b3 Na5 37. Rc8+ Kf7 38. g5 Nc6 39. Rh8 Ne7 40. Rxh7 Nxf5 41. h4 d4 42. h5 d3 43. Ke1 Kg8 44. g6 Nh4 45. Kd1 d2 46. Be3 a6 47. h6 Nxg6 48. Rxg7+ Rxg7 49. hxg7 Kxg7 50. Kxd2 Kf6 1/2-1/2

[Event "Bruges Masters op"]
[Site "Bruges"]
[Date "2023.08.16"]
[Round "7"]
[White "Muetsch, Annmarie"]
[Black "Liefrink, Feike"]
[Result "1-0"]
[WhiteElo "2203"]
[BlackElo "1978"]
[PlyCount "73"]
[EventDate "2023.08.12"]
[EventType "swiss"]
[EventRounds "9"]
[EventCountry "BEL"]
[SourceTitle "CBM 215 Extra"]
[Source "ChessBase"]
[SourceDate "2023.09.30"]
[SourceVersion "1"]
[SourceVersionDate "2023.09.30"]
[SourceQuality "1"]

1. Nf3 d5 2. g3 Nf6 3. Bg2 e6 4. 0-0 Be7 5. d3 0-0 6. Nbd2 Nbd7 7. e4 dxe4 8. dxe4 e5 9. Qe2 c6 10. a4 a5 11. Nc4 Qc7 12. Bd2 Re8 13. Bc3 Bc5 14. Rfd1 Ng4 15. Be1 b5 16. Na3 b4 17. Nc4 Ba6 18. Nfd2 Nb6 19. Bf1 Nf6 20. Qf3 Bc8 21. h3 Nxc4 22. Nxc4 Be6 23. Bd2 Rad8 24. Bg5 Rxd1 25. Rxd1 Nd7 26. b3 Bd4 27. Be3 c5 28. Bd2 f6 29. c3 bxc3 30. Bxc3 Ra8 31. Be1 Nb8 32. Na3 Nc6 33. Bc4 Bxc4 34. Nxc4 Nb4 35. Bxb4 cxb4 36. Qf5 Qe7 37. Rxd4 1-0

[Event "GER-ch Blitz (Women)"]
[Site "Viernheim"]
[Date "2023.07.15"]
[Round "6"]
[White "Muetsch, Annmarie"]
[Black "Wagner, Dinara"]
[Result "0-1"]
[WhiteElo "2230"]
[BlackElo "2447"]
[PlyCount "91"]
[EventDate "2023.07.15"]
[EventType "tourn (blitz)"]
[EventRounds "27"]
[EventCountry "GER"]
[SourceTitle "CBM 215 Extra"]
[Source "ChessBase"]
[SourceDate "2023.09.30"]
[SourceVersion "1"]
[SourceVersionDate "2023.09.30"]
[SourceQuality "1"]

1. e4 c5 2. Nc3 Nc6 3. Bb5 Nd4 4. Nf3 e6 5. 0-0 Nxb5 6. Nxb5 a6 7. Nc3 Be7 8. d4 cxd4 9. Qxd4 d6 10. Be3 Nf6 11. h3 0-0 12. a4 Bd7 13. e5 dxe5 14. Nxe5 Qc8 15. Nc4 Qc7 16. Bf4 Qc5 17. Qxc5 Bxc5 18. Bd6 Bxd6 19. Nxd6 Bc6 20. a5 Rfd8 21. Rfd1 Rd7 22. Nc4 Rad8 23. Rxd7 Rxd7 24. Rd1 Kf8 25. Rxd7 Nxd7 26. f3 e5 27. Kf2 Ke7 28. Ke3 f5 29. b4 Ke6 30. Nd2 Nf6 31. Nb3 Nd5+ 32. Nxd5 Kxd5 33. Kd3 Bb5+ 34. Kc3 Bf1 35. g3 Bxh3 36. Nc5 Kc6 37. Nd3 e4 38. Nf4 Bf1 39. fxe4 fxe4 40. Kd4 Kb5 41. Nd5 h5 42. c3 g5 43. Nc7+ Kc6 44. Ne6 h4 45. gxh4 gxh4 46. Ng5 0-1

[Event "Rilton Cup 50th"]
[Site "Stockholm"]
[Date "2023.01.05"]
[Round "9"]
[White "Milikow, Yoav"]
[Black "Muetsch, Annmarie"]
[Result "1-0"]
[WhiteElo "2416"]
[BlackElo "2251"]
[PlyCount "107"]
[EventDate "2022.12.27"]
[EventType "swiss"]
[EventRounds "9"]
[EventCountry "SWE"]
[SourceTitle "CBM 212 Extra"]
[Source "ChessBase"]
[SourceDate "2023.03.31"]
[SourceVersion "1"]
[SourceVersionDate "2023.03.31"]
[SourceQuality "1"]

1. d4 Nf6 2. c4 g6 3. Nc3 Bg7 4. e4 d6 5. Be2 0-0 6. Be3 e5 7. d5 Na6 8. g4 Nc5 9. f3 h5 10. b4 Na6 11. a3 hxg4 12. Bg5 Qd7 13. fxg4 Nxg4 14. h3 Nf6 15. h4 Nh5 16. Bxh5 gxh5 17. Qxh5 Qg4 18. Qxg4 Bxg4 19. Ra2 Kh7 20. Rg2 Bh5 21. Bd2 Bh6 22. Nce2 Rg8 23. Rhh2 Bxd2+ 24. Kxd2 Rg4 25. Nh3 f6 26. Nf2 Rxg2 27. Rxg2 Bxe2 28. Kxe2 Nb8 29. Ng4 Nd7 30. Ne3 a5 31. Nf5 Rg8 32. Rxg8 Kxg8 33. Kd3 axb4 34. axb4 Kf7 35. h5 Nf8 36. c5 dxc5 37. bxc5 Ke8 38. Kc4 Kd7 39. Kb5 Nh7 40. c6+ Kc8 41. h6 Ng5 42. Ne7+ Kb8 43. Ka4 Nh7 44. Kb4 Ng5 45. Ng8 Nh7 46. Kc5 Kc8 47. Ne7+ Kb8 48. d6 cxd6+ 49. Kxd6 bxc6 50. Kxc6 Ng5 51. Kd7 f5 52. exf5 e4 53. Nd5 Kb7 54. f6 1-0

[Event "Rilton Cup 50th"]
[Site "Stockholm"]
[Date "2022.12.27"]
[Round "1"]
[White "Koelle, Tobias"]
[Black "Muetsch, Annmarie"]
[Result "1/2-1/2"]
[WhiteElo "2439"]
[BlackElo "2251"]
[PlyCount "118"]
[EventDate "2022.12.27"]
[EventType "swiss"]
[EventRounds "9"]
[EventCountry "SWE"]
[SourceTitle "CBM 212 Extra"]
[Source "ChessBase"]
[SourceDate "2023.03.31"]
[SourceVersion "1"]
[SourceVersionDate "2023.03.31"]
[SourceQuality "1"]

1. d4 Nf6 2. c4 g6 3. Nc3 Bg7 4. e4 d6 5. h3 0-0 6. Be3 c5 7. Nf3 Qa5 8. Bd3 Nc6 9. 0-0 cxd4 10. Nxd4 Nxd4 11. Bxd4 Be6 12. Be2 Rac8 13. Nd5 Nxd5 14. exd5 Bd7 15. Bxg7 Kxg7 16. a3 Qb6 17. b4 e6 18. dxe6 Bxe6 19. Rc1 a5 20. Qd2 axb4 21. axb4 Rfd8 22. Rfd1 Kg8 23. h4 h5 24. Re1 Rd7 25. Bd3 Qd4 26. Re4 Qg7 27. Be2 Rcd8 28. Rd4 b6 29. Bf3 Qf8 30. Bc6 Rc7 31. b5 Ra7 32. Re1 Ra4 33. Qc2 Ra7 34. Qe4 Kg7 35. Rdd1 Kg8 36. Qd4 Ra4 37. Qxb6 Rxc4 38. Rd4 Rxd4 39. Qxd4 d5 40. b6 Qd6 41. Rc1 Rb8 42. b7 Qc7 43. Rc3 Rxb7 44. Bxb7 Qxb7 45. Rc1 Qe7 46. Ra1 Qf8 47. Re1 Qg7 48. Re5 Qh6 49. Kh2 Kh7 50. f3 Kg8 51. Re1 Qg7 52. Qf4 Kh7 53. Rb1 Qh6 54. Qd6 Qg7 55. Rb4 Qf6 56. Ra4 Qg7 57. Ra7 Qd4 58. Qe7 Qe5+ 59. Kh1 Qe1+ 1/2-1/2

[Event "BL 2223 (Women)"]
[Site "Germany"]
[Date "2022.11.12"]
[Round "3.2"]
[White "Jaracz, Barbara"]
[Black "Muetsch, Annmarie"]
[Result "0-1"]
[WhiteElo "2185"]
[BlackElo "2238"]
[PlyCount "82"]
[EventDate "2022.10.15"]
[EventType "team-tourn"]
[EventRounds "11"]
[EventCountry "GER"]
[SourceTitle "EXT 2024"]
[Source "ChessBase"]
[SourceDate "2023.10.10"]
[SourceVersion "1"]
[SourceVersionDate "2023.10.10"]
[SourceQuality "1"]
[WhiteTeam "Leipzig Weissblau (W)"]
[BlackTeam "Solingen (W)"]
[WhiteTeamCountry "GER"]
[BlackTeamCountry "GER"]

1. e4 d6 2. d4 Nf6 3. Nc3 e5 4. Nf3 Nbd7 5. Bc4 Be7 6. 0-0 0-0 7. h3 a6 8. a4 b6 9. Qe2 c6 10. Rd1 Qc7 11. Ba2 Bb7 12. Bg5 h6 13. Bh4 b5 14. b4 Rfe8 15. dxe5 dxe5 16. Rab1 Nf8 17. Bg3 Ng6 18. Nh4 Nxh4 19. Bxh4 Red8 20. Qf3 Rxd1+ 21. Rxd1 Rd8 22. Qf5 Rxd1+ 23. Nxd1 Qd6 24. Ne3 Qxb4 25. Bxf6 Bxf6 26. Qh5 Qf8 27. Nf5 Bc8 28. axb5 axb5 29. Bb3 Be6 30. Bxe6 fxe6 31. Ne3 Qf7 32. Qd1 Qe7 33. Ng4 c5 34. Qe1 Kh7 35. Qa5 Qd7 36. Kh2 Be7 37. g3 Bd6 38. h4 h5 39. Ne3 c4 40. Qa8 Bc5 41. Qb8 Qd2 0-1

[Event "BL 2223 (Women)"]
[Site "Germany"]
[Date "2022.10.16"]
[Round "2.2"]
[White "Khrapko, Marharyta"]
[Black "Muetsch, Annmarie"]
[Result "1/2-1/2"]
[WhiteElo "2128"]
[BlackElo "2238"]
[PlyCount "115"]
[EventDate "2022.10.15"]
[EventType "team-tourn"]
[EventRounds "11"]
[EventCountry "GER"]
[SourceTitle "EXT 2024"]
[Source "ChessBase"]
[SourceDate "2023.10.10"]
[SourceVersion "1"]
[SourceVersionDate "2023.10.10"]
[SourceQuality "1"]
[WhiteTeam "Bayern Muenchen (W)"]
[BlackTeam "Solingen (W)"]
[WhiteTeamCountry "GER"]
[BlackTeamCountry "GER"]

1. e4 e5 2. Nf3 Nc6 3. Bb5 a6 4. Ba4 d6 5. c4 Nf6 6. Nc3 Bd7 7. d4 exd4 8. Nxd4 Ne5 9. Bxd7+ Qxd7 10. b3 g6 11. f4 Nc6 12. Nxc6 bxc6 13. Bb2 Bg7 14. Qf3 0-0 15. 0-0-0 Qg4 16. Qf2 Qe6 17. Rhe1 a5 18. h3 a4 19. f5 Qc8 20. Nxa4 Rxa4 21. bxa4 Qa6 22. Qc2 Rb8 23. e5 Nd7 24. f6 Bh6+ 25. Kb1 Nxe5 26. Rxe5 dxe5 27. Ka1 Qa5 28. c5 Bf8 29. Rc1 Bh6 30. Rb1 Bf8 31. Ba3 Rxb1+ 32. Kxb1 Qe1+ 33. Kb2 Qf1 34. Bb4 Qxf6 35. a5 Qf1 36. Kb3 Bh6 37. Qe4 Qd1+ 38. Kc4 Qa4 39. a3 Bg7 40. g4 h6 41. h4 Bf6 42. Kc3 Bxh4 43. Qxe5 Qd1 44. Kb2 Bg5 45. Qe8+ Kg7 46. Bc3+ f6 47. Qe7+ Kg8 48. Qe6+ Kg7 49. Ka2 Qc2+ 50. Bb2 Qxc5 51. Qd7+ Kf8 52. Qd8+ Kf7 53. Qxc7+ Ke6 54. Qc8+ Ke7 55. Qb7+ Ke6 56. Qc8+ Ke7 57. Qb7+ Ke6 58. Qc8+ 1/2-1/2

[Event "GER-ch blitz (Women)"]
[Site "Magdeburg"]
[Date "2022.08.13"]
[Round "16"]
[White "Rath, Alina"]
[Black "Muetsch, Annmarie"]
[Result "1-0"]
[WhiteElo "2108"]
[BlackElo "2205"]
[PlyCount "85"]
[EventDate "2022.08.13"]
[EventType "tourn (blitz)"]
[EventRounds "23"]
[EventCountry "GER"]
[SourceTitle "CBM 209 Extra"]
[Source "ChessBase"]
[SourceDate "2022.09.30"]
[SourceVersion "1"]
[SourceVersionDate "2022.09.30"]
[SourceQuality "1"]

1. c4 d6 2. Nc3 e5 3. g3 Nd7 4. Bg2 f5 5. d3 Ngf6 6. e3 Be7 7. Nge2 0-0 8. 0-0 c6 9. b4 Kh8 10. Rb1 Nb6 11. a4 a5 12. b5 c5 13. f4 e4 14. dxe4 Nxc4 15. exf5 Bxf5 16. e4 Be6 17. f5 Bf7 18. Nf4 Ne5 19. Bb2 Bc4 20. Re1 Qe8 21. Ncd5 Bxd5 22. Nxd5 Rd8 23. Nc7 Qf7 24. Ne6 Nfg4 25. Nxd8 Rxd8 26. h3 Nf6 27. Bc3 Nh5 28. g4 Nf4 29. Bxa5 Rd7 30. Bc3 Qf6 31. Rf1 g5 32. fxg6 hxg6 33. Qd2 g5 34. a5 Rd8 35. a6 b6 36. Ra1 Kg8 37. a7 Ra8 38. Rxf4 Qxf4 39. Qd5+ Kh7 40. Bxe5 Qxe5 41. Qxe5 dxe5 42. Bf1 Bd6 43. Bc4 1-0

[Event "GER-ch blitz (Women)"]
[Site "Magdeburg"]
[Date "2022.08.13"]
[Round "7"]
[White "Schulze, Lara"]
[Black "Muetsch, Annmarie"]
[Result "0-1"]
[WhiteElo "2140"]
[BlackElo "2205"]
[PlyCount "102"]
[EventDate "2022.08.13"]
[EventType "tourn (blitz)"]
[EventRounds "23"]
[EventCountry "GER"]
[SourceTitle "CBM 209 Extra"]
[Source "ChessBase"]
[SourceDate "2022.09.30"]
[SourceVersion "1"]
[SourceVersionDate "2022.09.30"]
[SourceQuality "1"]

1. e4 e5 2. Nf3 Nc6 3. Nc3 Be7 4. Bc4 Nf6 5. d3 d6 6. a3 0-0 7. 0-0 Bg4 8. h3 Bh5 9. Be3 Nb8 10. g4 Bg6 11. Kg2 c6 12. Bg5 Nbd7 13. Bb3 Nc5 14. Ba2 Ne6 15. Be3 d5 16. exd5 cxd5 17. d4 e4 18. Ne5 Nc7 19. Ne2 Nfe8 20. Nf4 Bf6 21. Qd2 Qd6 22. Rad1 Rd8 23. Nfxg6 hxg6 24. Bf4 Qe7 25. Qe2 Ne6 26. Bg3 g5 27. Qe3 g6 28. c4 dxc4 29. Bxc4 Nd6 30. Bb3 Kg7 31. f3 exf3+ 32. Qxf3 Rde8 33. Qxf6+ Qxf6 34. Rxf6 Kxf6 35. Nd7+ Ke7 36. Nxf8 Rxf8 37. Rc1 Kd7 38. d5 Nc7 39. Re1 Re8 40. Rxe8 Ncxe8 41. Kf3 f5 42. Bc2 f4 43. Bf2 Nf6 44. Bxg6 Nxd5 45. Bd3 b6 46. h4 gxh4 47. Bxh4 Ke6 48. Bc2 Ke5 49. Be1 Nb5 50. Bb3 Nd4+ 51. Kf2 Nxb3 0-1